Naẓarāt Islāmīyah fī al-ishtirākīyah al-thawrīyah, (Record no. 48963)

MARC details
000 -LEADER
fixed length control field 00700cam a22002291 4500
001 - CONTROL NUMBER
control field ne 66001104
003 - CONTROL NUMBER IDENTIFIER
control field DLC
005 - DATE AND TIME OF LATEST TRANSACTION
control field 20260227111824.0
008 - FIXED-LENGTH DATA ELEMENTS--GENERAL INFORMATION
fixed length control field 840127s1965 le 000 0 arar
010 ## - LIBRARY OF CONGRESS CONTROL NUMBER
LC control number ne 66001104
035 ## - SYSTEM CONTROL NUMBER
System control number (OCoLC)10345626
040 ## - CATALOGING SOURCE
Original cataloging agency DLC
Transcribing agency TxU
Modifying agency TxU
-- DLC
042 ## - AUTHENTICATION CODE
Authentication code premarc
050 00 - LIBRARY OF CONGRESS CALL NUMBER
Classification number HX550.I8
Item number D32
100 1# - MAIN ENTRY--PERSONAL NAME
Personal name Dawālībī, Muḥammad Maʻrūf,
Dates associated with a name 1907-
245 10 - TITLE STATEMENT
Title Naẓarāt Islāmīyah fī al-ishtirākīyah al-thawrīyah,
Statement of responsibility, etc. li-Maʻrūf al-Dawālībī.
250 ## - EDITION STATEMENT
Edition statement [al-Ṭabʻah 1]
260 ## - PUBLICATION, DISTRIBUTION, ETC.
Place of publication, distribution, etc. [Bayrūt]
Name of publisher, distributor, etc. Dār al-Kitāb al-Jadīd
Date of publication, distribution, etc. [1965]
300 ## - PHYSICAL DESCRIPTION
Extent 144 p.
Dimensions 20 cm.
440 #0 - SERIES STATEMENT/ADDED ENTRY--TITLE
Title Silsilat al-fikr al-ʻArabī,
Volume/sequential designation 3
650 #0 - SUBJECT ADDED ENTRY--TOPICAL TERM
Topical term or geographic name entry element Socialism and Islam.

No items available.

Powered by Koha